| 000 | 01181cam a22003497a 4500 | ||
|---|---|---|---|
| 003 | CHAP | ||
| 005 | 20220329141849.0 | ||
| 008 | 980316d1997 mx a r 00110 spa d | ||
| 010 | _a74963 | ||
| 011 | _a75935 | ||
| 035 | _a85508 | ||
| 040 | _cCHAP | ||
| 090 | _aTesis | ||
| 100 | 0 | 0 |
_aContreras Moctezuma, Javier. _927515 |
| 245 | 1 | 0 |
_aProyecto de una planta piloto de impregnación de madera _c/por Javier Contreras Moctezuma |
| 260 |
_aChapingo, Méx. : _bEl autor, _c1997. |
||
| 300 |
_a72 h. : _bilus. |
||
| 502 | _aTesis (Ing. Forestal) -- UACH. División de Ciencias Forestales | ||
| 590 |
_aALEPH _b10 _c20130110 _lUCH01 _h1422 |
||
| 590 |
_aBATCH-UPD _b10 _c20130110 _lUCH01 _h0609 |
||
| 590 |
_aBATCH-UPD _b10 _c20130410 _lUCH01 _h0251 |
||
| 590 |
_aBATCH-UPD _b10 _c20130914 _lUCH01 _h1039 |
||
| 590 |
_aCONVERSION _b10 _c20130109 _lUCH01 _h1341 |
||
| 650 | 1 | 4 |
_aMadera _xPermeabilidad. _969615 |
| 650 | 1 | 4 |
_aMadera _xPreservación. _969619 |
| 650 | 1 | 4 |
_aProyectos _xEvaluación. _992525 |
| 901 | _aBK | ||
| 905 | _aGuadalupe Pinto C. | ||
| 942 | _cFOLL | ||
| 949 |
_bBC _cTES _d33724000586749 _eTS2 _fc.2 _h32502 _i85508 _sb |
||
| 949 |
_bBC _cTES _d855081 _eTS1 _h32501 _i85508 _sb |
||
| 999 |
_c74963 _d74963 |
||